Erasmus the reformer

Αποθηκεύτηκε σε:
Λεπτομέρειες βιβλιογραφικής εγγραφής
Κύριος συγγραφέας: Dickens, A. G. (Arthur Geoffrey) 1910-2001
Άλλοι συγγραφείς: Jones, Whitney R. D. (Whitney Richard David) 1924-
Μορφή: Βιβλίο
Γλώσσα:English
Δημοσίευση: London : Methuen, c1994
Θέματα:
Ετικέτες: Προσθήκη ετικέτας
Δεν υπάρχουν, Καταχωρήστε ετικέτα πρώτοι!

MARC

LEADER 00000nam a2200000 i 4500
001 1/39158
008 030807s1994 eng d
020 |a 0413753301 
035 |l 10070572 
040 |a GR-MY-UA  |b gre  |e aacr 
041 0 |a eng 
082 0 |a 199.492  |2 (21) 
100 1 |a Dickens, A. G.  |q (Arthur Geoffrey)  |d 1910-2001. 
245 1 0 |a Erasmus the reformer /  |c A. G. Dickens and Whitney R.D. Jones 
260 |a London :   |b Methuen,   |c c1994 
300 |a xiv, 367 σ.;  |b εικ.;  |c 24 εκ. 
504 |a Περιέχει βιβλιογραφία και ευρετήριο 
600 0 0 |a Erasmus Desiderius  |d d.1536. 
650 0 0 |a Reformation. 
700 1 |a Jones, Whitney R. D.  |q (Whitney Richard David)  |d 1924- 
852 |a INST  |b LESVOS  |e 20030807  |h 199.492 DIC  |p 005100026936  |q 005100026936  |t BK  |y 0 
901 |a BIBL1-2003-2 
909 |a Λ  |b 105821 
922 |a 1ΕΛΗ  |b 200307  |c ΕΠΕΑΕΚ2/ΤΚΑ  |d ΜΙΧΑΛΟΠΟΥΛΟΣ 
950 |a 117-2003-06-11 
970 |a ΚΑΡΑ  |b ΓΙΑΣΕΜΗ  |z 2003/08/18